000
00257nam a2200097Ia 4500
008
170620s9999 xx 000 0 und d
100
_a
Sharma-S.R/Vanik-Anil
245
0
_a
Encyclopaedia of Health & Physical Education
260
_b
New delhi.Friends Pub
260
_c
2005
300
_a
220
999
_c
27786
_d
27786